000 00950naa a22002777u 4500
001 04561
003 HDC
007 cr bn ---aaaaa
008 210117t2012 flu bi 001 0 eng
020 _a9781439866955
_q(E-Book)
020 _a9781466585737
_q(hardcover)
040 _aHDC
050 _aTP248.3 .N52 2012
082 _a630
100 _aNiazi, Sarfaraz,
_d1949-,
_eauthor
_93629
245 0 _aDISPOSABLE BIOPROCESSING SYSTEMS.
_nChapter 12 :
_bEnvironmental Concerns /
_cSafraraz K. Niazi
260 _aBoca Raton, Florida :
_bCRC Press,
_c2012
336 _atext
_2rdacontent
337 _acomputer
_2rdamedia
338 _aonline resource
_2rdacarrier
650 _aBiochemical engineering
_94650
856 _zRequest full-text at [email protected]
942 _2lcc
942 _cCHAP
942 _kEBCH 000905
999 _c1886
_d1886